Structural design of modular geocellular drainage tanks (Record no. 112320)

MARC details
000 -LEADER
fixed length control field 00819cam a22002415a 4500
001 - CONTROL NUMBER
control field E153008
008 - FIXED-LENGTH DATA ELEMENTS--GENERAL INFORMATION
fixed length control field 110523s2008 xxk f 000 0 eng d
020 ## - INTERNATIONAL STANDARD BOOK NUMBER
International Standard Book Number 9780860176800
035 ## - SYSTEM CONTROL NUMBER
System control number (Sirsi) u153008
041 0# - LANGUAGE CODE
Language code of text/sound track or separate title eng
050 04 - LIBRARY OF CONGRESS CALL NUMBER
Classification number 627.4 $2 18
100 1# - MAIN ENTRY--PERSONAL NAME
Personal name Wilson, Steve
245 00 - TITLE STATEMENT
Title Structural design of modular geocellular drainage tanks
260 ## - PUBLICATION, DISTRIBUTION, ETC.
Place of publication, distribution, etc. London
Name of publisher, distributor, etc. CIRIA
Date of publication, distribution, etc. 2008
300 ## - PHYSICAL DESCRIPTION
Extent xiv, 94p.
Other physical details ill.
Dimensions 30cm.
490 #0 - SERIES STATEMENT
Series statement CIRIA
Volume/sequential designation C680
520 ## - SUMMARY, ETC.
Summary, etc. Looks at the various types of plastic geocellular tanks used as part of rainwater harvesting systems. Offers guidance on performance and design.
521 ## - TARGET AUDIENCE NOTE
Target audience note Advanced
590 ## - LOCAL NOTE (RLIN)
Local note KA
651 #4 - SUBJECT ADDED ENTRY--GEOGRAPHIC NAME
Geographic name United Kingdom
Chronological subdivision
690 ## - LOCAL SUBJECT ADDED ENTRY--TOPICAL TERM (OCLC, RLIN)
Topical term or geographic name as entry element BUILT ENVIRONMENT-BUILDING ELEMENTS-COMPLETE BUILDING SERVICES ELEMENTS-COMPLETE WATER SUPPLY SYSTEMS
942 ## - ADDED ENTRY ELEMENTS (KOHA)
Suppress in OPAC 0
Holdings
Withdrawn status Lost status Source of classification or shelving scheme Damaged status Not for loan Home library Current library Shelving location Date acquired Total Checkouts Full call number Barcode Date last seen Copy number Price effective from Koha item type
    Dewey Decimal Classification     London London Folio 23/05/2011   F627.4 WIL 153008-2001 06/08/2019 1 06/08/2019 Book